Historical records of the survey of India volume four (Record no. 104086)

MARC details
000 -LEADER
fixed length control field 01907cam a2200457 4500
001 - CONTROL NUMBER
control field D13616
008 - FIXED-LENGTH DATA ELEMENTS--GENERAL INFORMATION
fixed length control field #DATE n1958 000 0 eng u
035 ## - SYSTEM CONTROL NUMBER
System control number (Sirsi) u129029
041 ## - LANGUAGE CODE
Language code of text/sound track or separate title eng
100 ## - MAIN ENTRY--PERSONAL NAME
Personal name Phillimore, R. H.
245 ## - TITLE STATEMENT
Title Historical records of the survey of India volume four
Remainder of title 1830 to 1843
Statement of responsibility, etc. George Everest
260 ## - PUBLICATION, DISTRIBUTION, ETC.
Place of publication, distribution, etc. Dehra Dun
Name of publisher, distributor, etc. Survey of India
Date of publication, distribution, etc. 1958
300 ## - PHYSICAL DESCRIPTION
Extent xviii, 493p.
Other physical details ill
Dimensions 30cm.
490 ## - SERIES STATEMENT
Series statement Historical Records of the Survey of India
505 ## - FORMATTED CONTENTS NOTE
Formatted contents note Great trigonometical survey: policy and programme
505 ## - FORMATTED CONTENTS NOTE
Formatted contents note The great arc
505 ## - FORMATTED CONTENTS NOTE
Formatted contents note Base-lines
505 ## - FORMATTED CONTENTS NOTE
Formatted contents note Principal triangles, subordinate series
505 ## - FORMATTED CONTENTS NOTE
Formatted contents note Principal triangulation: practical details
505 ## - FORMATTED CONTENTS NOTE
Formatted contents note Geodesy and allied sciences
505 ## - FORMATTED CONTENTS NOTE
Formatted contents note Repair of instruments
505 ## - FORMATTED CONTENTS NOTE
Formatted contents note Supply of instruments
505 ## - FORMATTED CONTENTS NOTE
Formatted contents note Human contacts, great trigonometrial survey
505 ## - FORMATTED CONTENTS NOTE
Formatted contents note Revenue surveys: Bihar and Orissa
505 ## - FORMATTED CONTENTS NOTE
Formatted contents note Revenue surveys: Lower Bengal and Assam
505 ## - FORMATTED CONTENTS NOTE
Formatted contents note Revenue surveys: North Western Provinces
505 ## - FORMATTED CONTENTS NOTE
Formatted contents note Bombay surveys
505 ## - FORMATTED CONTENTS NOTE
Formatted contents note Madras surveys
505 ## - FORMATTED CONTENTS NOTE
Formatted contents note Bengal Presidency: geographical and other surveys
505 ## - FORMATTED CONTENTS NOTE
Formatted contents note Maps: general
505 ## - FORMATTED CONTENTS NOTE
Formatted contents note Administration
505 ## - FORMATTED CONTENTS NOTE
Formatted contents note Office and field establishments
505 ## - FORMATTED CONTENTS NOTE
Formatted contents note Military surveyors
505 ## - FORMATTED CONTENTS NOTE
Formatted contents note Civil assistants: great trigonometrial survey and topographical surveys
505 ## - FORMATTED CONTENTS NOTE
Formatted contents note Civil assistants: revenue surveys
505 ## - FORMATTED CONTENTS NOTE
Formatted contents note Indian staff
520 ## - SUMMARY, ETC.
Summary, etc. Fourth volume in this definitive history of the survey of India covering the period during which George Everest was Surveyor General and Superintendent of the Great Trigonometrical Survey of India. Includes details of other surveys undertaken during this period. Includes maps and references to source material.
690 ## - LOCAL SUBJECT ADDED ENTRY--TOPICAL TERM (OCLC, RLIN)
Topical term or geographic name as entry element MAPPING AND MEASUREMENT
710 ## - ADDED ENTRY--CORPORATE NAME
Corporate name or jurisdiction name as entry element Survey of India
9 (RLIN) 2931
942 ## - ADDED ENTRY ELEMENTS (KOHA)
Suppress in OPAC 0

No items available.